| 000 | 00660cam a22002293a 4500 | ||
|---|---|---|---|
| 001 | 19601 | ||
| 003 | PGUSA | ||
| 005 | 20140828083421.0 | ||
| 008 | 061021s2006||||xxu|||||s|||||000 1 eng d | ||
| 040 |
_aPGUSA _beng |
||
| 042 | _adc | ||
| 050 | 4 | _aPZ | |
| 100 | 1 | _aBarnum, Vance | |
| 245 | 1 | 0 |
_aFrank and Andy Afloat : _bOr, The Cave on the Island _h[electronic resource] / _cVance Barnum |
| 260 |
_bProject Gutenberg, _c2006 |
||
| 506 | _aPublic domain in the USA. | ||
| 516 | _aElectronic text | ||
| 653 | _aBoats and boating -- Juvenile fiction | ||
| 830 | 0 |
_aProject Gutenberg _v19601 |
|
| 856 | 4 | 0 | _uhttp://www.gutenberg.org/ebooks/19601 |
| 942 | _cEB | ||
| 999 |
_c248856 _d248856 |
||